000 00897nas a2200301 4500
001 BR9800374
003 BR-BrBNA
005 20231205100705.0
007 ta
008 230509b bl.|||p| |||| 00| 00por d
040 _aBR-BrBNA
_bpor
_cBiblioteca Nacional de Agricultura
041 _a(Pt)
072 _aQ54
100 1 _aEichelberger, L.
100 1 _aSiewerdt, L.
100 1 _aSilveira Junior, P.
245 1 _aEfeitos da inclusao de niveis crescentes de forragem de soja e uso de inoculante na qualidade da silagem de milho
650 _aSilagem
650 _aMilho
650 _aForragem
650 _aSoja
650 _aInoculante
650 _aQualidade
650 _aEnsilagem
773 0 _tRevista Brasileira de Zootecnia (Brazil)
_xISSN 0100-4859
_g(Sep-Oct 1997), v. 26(5) p. 867-874
_wBR9800374
909 _a202311
_bLúcia
_c55
_dLúcia Elande
942 _2AGRIS
_n0
_cANA
999 _c157490
_d157490